000
00277nam a2200121Ia 4500
100
_a
Liebing/Edward
942
_c
BK
654
_a
Netware users guide V-2-2-
245
_a
Netware Users Guide V-2-2-
260
_b
BPB
_a
New Delhi
_c
1993
546
_a
ENGLISH
999
_c
33596
_d
33596